00874pam a2200277 a 4500001000800000005001700008008004100025010001700066020003200083020003900115040001800154041000800172042000900180043001200189080002100201082002500222100000700247101000800254245004600262246003000308504006400338906004500402942001200447999001700459952012000476205252420180214055305.0931005s1994 nyua j b 001 0 eng  a 93039769  a0195083253 (acidfree paper) a0195088301 (ser. : acidfree paper) aDLCcDLCdDLC aeng alcac an-us--- a305.420973 WIL00a305.420973 WIL2201 a16 aHIS14aThe road to equality :cWilliam H. Chafe.30aAmerican women since 1962 aIncludes bibliographical references (p. 137-139) and index. a7bcbccorignewd1eocipf19gy-gencatlg 2ddccBK c42490d42490 00102udc40708PËKGa002b002cPËKGd2018-02-14l0o305.420973 WILp002-2998151r2018-02-14w2018-02-14yBK